000 00219 a2200097 4500
001 44110
100 _aGriffith J.C
245 _aAfghanistan key to a continent
260 _a
_bAndre deutsch
_c
090 _c27854
_d27854
942 _aNUST-CAE
_cM
_c19840
999 _c279183
_d279183